| 000 | 00670nam a2200241 i 4500 | ||
|---|---|---|---|
| 001 | bg | ||
| 100 | 1 | _aARABSKI, Janusz | |
| 245 | 1 | 0 |
_aPrzyswajanie języka obcego i pamięć werbalna / _cJanusz Arabski. |
| 260 |
_aKatowice : _b"Śląsk", _c1997. |
||
| 300 |
_a228,[1] : _brys., wykr. ; _c21 cm. |
||
| 504 | _aIndeks. | ||
| 650 | 9 |
_aJęzyki _xnauczanie _xmetody |
|
| 650 | 9 |
_aJęzyki _xnauczanie _xteoria |
|
| 650 | 9 |
_aUczenie się _xzagadnienia |
|
| 650 | 9 |
_aPamięć _xzagadnienia |
|
| 020 | _a8371640382 | ||
| 040 | _cBPK | ||
| 041 | 0 | _apl | |
| 080 | _a372.881:159.953 | ||
| 920 | _a83-7164-038-2 | ||
| 942 | _cKS | ||
| 008 | s pl f |000 0 pol | ||
| 999 |
_c31408 _d31408 |
||
| 856 |
_uhttp://koha.tu.koszalin.pl/cgi-bin/koha/opac-detail.pl?biblionumber=31408 _yKatalog online BPK |
||